Europe : Durée potentielle de retraite pour les hommes - Statistiques

Statistiques générales
  • Ce quiz a été pris 7 fois
  • Le résultat moyen est 1 sur 26
Statistiques - réponses
Hint Réponse % Correct
Lituanie 15.6
33%
Estonie 15
17%
Hongrie 15.8
17%
Autriche 20.3
17%
Espagne 21.6
17%
Luxembourg 22.9
17%
France 23,3
17%
Portugal 14.8
0%
Lettonie 14.8
0%
Islande 15.9
0%
Pologne 17.5
0%
Irlande 17.5
0%
Tchéquie 17.8
0%
Slovaquie 18
0%
Danemark 18.4
0%
Suède 18.5
0%
Norvège 18.8
0%
Royaume-Uni 19
0%
Suisse 19.3
0%
Allemagne 19.3
0%
Finlande 19.5
0%
Pays-Bas 19.7
0%
Slovénie 19.9
0%
Belgique 21
0%
Grèce 21.1
0%
Italie 21.6
0%
Aucun quiz correspondant
Distribution des résultats
% des personnes avec chaque résultat
Percentile par nombre de réponses
Votre historique - résultats
Vous n’avez pas pris ce quiz